Relevantnosť strategického riadenia v malých a stredných podnikoch v odvetví „Food & Beverages Services“ – návrh plánu výskumu

Riadenie podniku na základe princípov strategického myslenia a strategického riadenia. Strategické riadenie a riadenie vzťahov so zákazníkmi. Systém CRM. Návrh výskumného projektu poukazuje na opodstatnenosť strategického riadenia v oblasti pôsobenia malých a stredných podnikov v odvetví cestovného...

ver descrição completa

Na minha lista:
Detalhes bibliográficos
Autor principal: Vacha, Jakub
Formato: Capítulo de Livro
Idioma:eslovaco
Assuntos:
Tags: Adicionar Tag
Sem tags, seja o primeiro a adicionar uma tag!

MARC

LEADER 00000naa$a2200000$$$4500
001 0260270
005 20191210150504.1
041 0 |a slo 
044 |a CZ 
245 1 0 |a Relevantnosť strategického riadenia v malých a stredných podnikoch v odvetví „Food & Beverages Services“ – návrh plánu výskumu  |c Jakub Vacha 
520 |a Riadenie podniku na základe princípov strategického myslenia a strategického riadenia. Strategické riadenie a riadenie vzťahov so zákazníkmi. Systém CRM. Návrh výskumného projektu poukazuje na opodstatnenosť strategického riadenia v oblasti pôsobenia malých a stredných podnikov v odvetví cestovného ruchu. 
610 2 0 |a riadenie strategické 
610 2 0 |a ruch cestovný 
610 2 0 |a podnik malý 
610 2 0 |a podnik stredný 
610 2 0 |a služby zákaznícke 
610 2 0 |a zisk podnikateľský 
610 2 0 |a manažment strategický 
100 1 |a Vacha, Jakub